Sport - Jeunesse - Naturisme : n. 1 /

Gespeichert in:
Bibliographische Detailangaben
1. Verfasser: Ericksson, Jann
Weitere Verfasser: Brongersma, Edward
Format: Buch
Sprache:Englisch
Veröffentlicht: Paris ; Jean-Manuel Vuillaume 1987
Tags: Tag hinzufügen
Keine Tags, Fügen Sie das erste Tag hinzu!

MARC

LEADER 00000nam a2200000 4500
001 FRBNF370670300000009
003 bnf
005 20251019150444.0
008 251019b |||||||| |||| 00| 0 eng d
020 |a 2866600290 
040 |c ct 
100 |a Ericksson, Jann 
245 1 |a Sport - Jeunesse - Naturisme :  |n n. 1 /  |c photogr. Jann Ericksson ; éd. par Jean-Manuel Vuillaume 
260 |a Paris ;  |b Jean-Manuel Vuillaume  |c 1987 
300 |a 64 p.  |b ill.  |c 30 cm. 
700 |a Brongersma, Edward 
942 |2 ddc  |c BK 
952 |0 0  |1 0  |2 ddc  |4 0  |6 B_AFT01ERIJASPO11  |7 0  |9 9037  |a MI  |b MI  |d 2010-10-26  |i 1876  |l 0  |o B-AFT01-ERIJA-SPO11  |p CDOM1876  |r 2025-07-17 21:50:00  |w 2025-07-17  |x FONDO BABILONIA  |y BK 
999 |c 7528  |d 7528